| 000 | 00911cam a2200229 a 4500 | ||
|---|---|---|---|
| 001 | 000018329 | ||
| 005 | 20200929165446.0 | ||
| 008 | 760831s1978 ch 000 0 eng d | ||
| 040 |
_aDO-SdBNP _bspa _cBNPHU |
||
| 041 | 1 | 7 | _aeng |
| 082 |
_a951 _bM986c |
||
| 245 | 0 | 4 |
_aThe muse of China : _ba collection of prose and short stories by contemporary chinese women writers. |
| 260 |
_aTaipei : _bChinese Women Writers' Association, _c1978. |
||
| 300 |
_av. : ; _c21 cm. |
||
| 500 | _aLa biblioteca sólo posee el volumen 2. | ||
| 650 | 4 |
_aLiteratura en prosa china _ySIGLO XX _xTraducciones al ingles _939700 |
|
| 650 | 4 |
_aLiteratura en prosa china _zTaiwan _xTraducciones al ingles _939701 |
|
| 650 | 4 |
_aLiteratura china _xAutoras chinas _xTraducciones al ingles _939702 |
|
| 651 | 4 |
_aChina _xVida Social Y Costumbres _vFICCIÓN _939703 |
|
| 651 | 4 |
_aTaiwan _xVida Social Y Costumbres _vFICCIÓN _939704 |
|
| 049 | _aBNGR | ||
| 999 |
_c17850 _d17850 |
||